[Event "IECG CC.2008.0.00151 email"]
[Site "IECG email"]
[Date "2008.01.11"]
[Round "?"]
[White "Dzulynski, Marek"]
[Black "Desloges, Marc"]
[Result "1/2-1/2"]
[WhiteElo "1721"]
[BlackElo "1700"]
[PlyCount "86"]
[EventDate "2008.01.11"]
[EventType "tourn (corr)"]
[EventRounds "6"]
[SourceTitle "Corr 2011"]
[Source "ChessBase"]
[SourceDate "2010.08.31"]
[SourceVersion "1"]
[SourceVersionDate "2010.08.31"]
[SourceQuality "1"]

1. e4 c5 2. Nf3 d6 3. d4 cxd4 4. Nxd4 Nf6 5. Nc3 a6 6. Be3 e6 7. Be2 Be7 8. f4 Nc6 9. Qd2 0-0 10. 0-0-0 Nd7 11. g4 Nxd4 12. Qxd4 b5 13. Kb1 Bb7 14. Rhe1 Qc7 15. g5 Rab8 16. f5 b4 17. Qxb4 Bxe4 18. Qxe4 Qxc3 19. b3 d5 20. Qd3 Qc6 21. Qxa6 Nb6 22. fxe6 fxe6 23. Bg4 Bb4 24. Bd2 Bxd2 25. Bxe6+ Kh8 26. Rxd2 Qc5 27. Qd3 Na4 28. Bxd5 Nc3+ 29. Kb2 Na4+ 30. Ka1 Nc3 31. Qd4 Qa5 32. a4 Nxa4 33. bxa4 Rb4 34. c4 Rxa4+ 35. Kb1 Ra2 36. Rxa2 Qxe1+ 37. Kc2 Qe2+ 38. Qd2 Qxd2+ 39. Kxd2 Rf2+ 40. Kd3 Rxa2 41. c5 Rxh2 42. c6 Rf2 43. c7 Rf8 1/2-1/2